000 01395nam0a2200373 4500
001 RU\NLR\bibl\1422739
005 20260406154126.0
010 _a978-5-353-04273-0
_bв пер.
_97000
021 _aRU
_b2009-63643
_93920
035 _a(nilc)RSL-KNO-004369363
035 _a(NLR Aleph) 001414676
090 _a1304501
_c1304501
100 _a20090724d2009 |||y0rusy50 ca
101 0 _arus
_aeng
102 _aRU
105 _aa zzzz|||||
200 1 _aEnglish for advanced learners
_eпродвинутый уровень
_fН. А. Бонк, Е. М. Салтыкова
210 _aМосква
_cРосмэн
_cРоссмэн-пресс
_d2009
215 _a302, [1] с.
_cил., табл.
_d24
225 1 _aНовый учебник
606 1 _aАнглийский язык
_jУчебные издания
_9972309
_3RU\NLR\auth\6646032
686 _aШ143.21-925
_2rubbk
686 _aШ143.21-93рус3
686 _aШ143.21-93рус5
686 _aШ143.21-93рус8
700 1 _4070
_8rus
_7ca
_aБонк
_bН. А.
_f1924-2020
_gНаталья Александровна
_3RU\NLR\AUTH\776835
_9116782
701 1 _aСалтыкова
_bЕ. М.
_gЕвгения Марковна
_4070
801 0 _aRU
_bРКП
_c20090724
_grcr
801 1 _aRU
_bРГБ
_c20090724
801 2 _aRU
_bNLR
_c20091012
_grcr
830 _aавт. по кн.
942 _cBOOK
980 _aNB